00580nam a2200133 a 4500008004100000050001800041245005100059260005100110300001900161350000900180995010600189999001700295952013400312120416s1982 ||||||||||||||||| || u aTA 658.44 Ear00aEarthquake risk to building in the Middle East aGarstonbBuilding Research Establishmentc1982 a8 (6)p. : ill. a0.00 D0.00FCBU-MAIN LIBRARY (Kitwe)H1I0.00M1UWEEDEDVAug 31, 2017ZMain Library Open Access Collection c40638d40638 00102lcc4070a001b001cMain Library Open Access Collectiond2022-11-30l0oTA 658.44 Earp018840r2022-11-30w2022-11-30y002